The social cost of fuel cycles : report to the UK Department of TRade and Industry (Department of Energy)
Αποθηκεύτηκε σε:
| Κύριος συγγραφέας: | |
|---|---|
| Μορφή: | Βιβλίο |
| Γλώσσα: | English |
| Δημοσίευση: |
London :
HMSO,
1992
|
| Θέματα: | |
| Ετικέτες: |
Προσθήκη ετικέτας
Δεν υπάρχουν, Καταχωρήστε ετικέτα πρώτοι!
|
MARC
| LEADER | 00000nam a2200000 i 4500 | ||
|---|---|---|---|
| 001 | 1/100997 | ||
| 008 | 951009s1992 eng d | ||
| 020 | |a 0-11-414288-2 | ||
| 035 | |l 10011922 | ||
| 040 | |a GR-MY-UA |b gre |e aacr | ||
| 041 | 0 | |a eng | |
| 082 | 0 | |a 363.7392 | |
| 100 | 1 | |a Pearce, David W. |q (David William) | |
| 245 | 1 | 4 | |a The social cost of fuel cycles : |b report to the UK Department of TRade and Industry (Department of Energy) / |c by The Centre for Social and Economic Research on the Global Environment |
| 260 | |a London : |b HMSO, |c 1992 | ||
| 300 | |a var. paging |b fig. | ||
| 500 | |a Final report, September 1992 | ||
| 504 | |a Includes biblioraphical references and index | ||
| 650 | 0 | 0 | |a Environmental impact analysis |z Great Britain. |
| 650 | 0 | 0 | |a Fuel |x Environmental aspects. |
| 650 | 0 | 0 | |a Environmental health. |
| 852 | |a INST |b LESVOS |e 19951009 |h 363.7392 CEN |p 005100011009 |q 005100011009 |t BK |y 0 | ||
| 901 | |a BIBL1-2001-1 | ||
| 909 | |a Λ |b 042013 | ||
| 950 | |a 054-1995-02-23 | ||